[Event "Winnipeg op"]
[Site "Winnipeg"]
[Date "2019.06.04"]
[Round "1.5"]
[White "Konara, Harshani"]
[Black "Furda, Evheniya Diana"]
[Result "1-0"]
[WhiteElo "2020"]
[BlackElo "1575"]
[PlyCount "29"]
[EventDate "2019.06.04"]
[EventType "swiss"]
[EventRounds "8"]
[EventCountry "CAN"]
[SourceTitle "EXT 2023"]
[Source "ChessBase"]
[SourceDate "2022.10.05"]
[SourceVersion "1"]
[SourceVersionDate "2022.10.05"]
[SourceQuality "1"]

1. c4 Nf6 2. Nc3 g6 3. g3 Bg7 4. Bg2 0-0 5. d3 d6 6. e3 e5 7. Nge2 Nc6 8. 0-0 Rb8 9. a3 a5 10. Rb1 Be6 11. Qc2 d5 12. cxd5 Nxd5 13. Rd1 Qd7 14. Ne4 Qd6 15. Nxd6 1-0

[Event "Winnipeg TNT April op"]
[Site "Winnipeg"]
[Date "2018.04.24"]
[Round "4"]
[White "Furda, Evheniya Diana"]
[Black "Skop, Mike"]
[Result "0-1"]
[WhiteElo "1528"]
[BlackElo "1660"]
[PlyCount "48"]
[EventDate "2018.04.03"]
[EventType "swiss"]
[EventRounds "4"]
[EventCountry "CAN"]
[SourceTitle "EXT 2022"]
[Source "ChessBase"]
[SourceDate "2021.10.06"]
[SourceVersion "1"]
[SourceVersionDate "2021.10.06"]
[SourceQuality "1"]

1. e4 e5 2. Nf3 Nc6 3. d4 exd4 4. Nxd4 Bc5 5. Be3 Qf6 6. c3 Nge7 7. Nc2 d6 8. Nd2 Ne5 9. Bxc5 dxc5 10. Be2 Be6 11. Ne3 Rd8 12. Qc2 N7g6 13. g3 c6 14. f4 Nxf4 15. gxf4 Qh4+ 16. Kd1 Qxf4 17. Nf5 Nc4 18. Nxg7+ Ke7 19. Nxe6 Rxd2+ 20. Ke1 Qh4+ 21. Kf1 Ne3+ 22. Kg1 Rg8+ 23. Ng5 Rxg5+ 24. Bg4 Rxg4# 0-1

[Event "Winnipeg TNT March op"]
[Site "Winnipeg"]
[Date "2018.03.20"]
[Round "3"]
[White "Trueman, Francis"]
[Black "Furda, Evheniya Diana"]
[Result "1/2-1/2"]
[WhiteElo "1452"]
[BlackElo "1524"]
[PlyCount "41"]
[EventDate "2018.03.06"]
[EventType "swiss"]
[EventRounds "4"]
[EventCountry "CAN"]
[SourceTitle "EXT 2022"]
[Source "ChessBase"]
[SourceDate "2021.10.06"]
[SourceVersion "1"]
[SourceVersionDate "2021.10.06"]
[SourceQuality "1"]

1. e4 e5 2. Nf3 Nc6 3. d3 Nf6 4. Nbd2 Bc5 5. h3 0-0 6. Nb3 b6 7. Qe2 h6 8. Be3 d5 9. Bxc5 bxc5 10. Nbd2 Kh8 11. Qd1 Nh7 12. Be2 f5 13. exd5 Qxd5 14. c4 Qd8 15. 0-0 Qf6 16. Nh2 Nd4 17. Re1 Bd7 18. Bf1 Rac8 19. Nb3 Nc6 20. Nd2 Nd4 21. Nhf3 1/2-1/2

[Event "Winnipeg TNT March op"]
[Site "Winnipeg"]
[Date "2018.03.06"]
[Round "1"]
[White "Furda, Evheniya Diana"]
[Black "Konara, Harshani"]
[Result "0-1"]
[WhiteElo "1524"]
[BlackElo "1899"]
[PlyCount "76"]
[EventDate "2018.03.06"]
[EventType "swiss"]
[EventRounds "4"]
[EventCountry "CAN"]
[SourceTitle "EXT 2022"]
[Source "ChessBase"]
[SourceDate "2021.10.06"]
[SourceVersion "1"]
[SourceVersionDate "2021.10.06"]
[SourceQuality "1"]

1. e4 d5 2. exd5 Qxd5 3. Nc3 Qd8 4. d4 c6 5. Nf3 Bf5 6. Bc4 e6 7. Be3 Nf6 8. Nh4 Bg6 9. Nxg6 hxg6 10. Bg5 Be7 11. Qd2 Nbd7 12. a3 Qc7 13. 0-0-0 0-0-0 14. Qe2 Nb6 15. Bb3 Nbd5 16. Bd2 Rxh2 17. Qf3 Rhh8 18. Kb1 Bd6 19. Bg5 Be7 20. Bd2 Bd6 21. Bg5 Nxc3+ 22. Qxc3 Ne4 23. Qe3 Nxg5 24. Qxg5 Bf4 25. Qg4 Rxh1 26. Rxh1 Rxd4 27. Rh8+ Rd8 28. Rxd8+ Kxd8 29. Qh4+ Kd7 30. Qg4 Be5 31. Qd1+ Qd6 32. Qxd6+ Kxd6 33. Kc1 Kc5 34. a4 Bd4 35. f3 Be3+ 36. Kd1 f5 37. Ke2 Bc1 38. Kd3 Bxb2 0-1

[Event "Winnipeg TNT February op"]
[Site "Winnipeg"]
[Date "2018.02.27"]
[Round "4.5"]
[White "Furda, Evheniya Diana"]
[Black "Myrzaibraimova, Aibike"]
[Result "1/2-1/2"]
[WhiteElo "1528"]
[BlackElo "1505"]
[PlyCount "57"]
[EventDate "2018.02.06"]
[EventType "swiss"]
[EventRounds "4"]
[EventCountry "CAN"]
[SourceTitle "EXT 2022"]
[Source "ChessBase"]
[SourceDate "2021.10.06"]
[SourceVersion "1"]
[SourceVersionDate "2021.10.06"]
[SourceQuality "1"]

1. e4 e5 2. Nf3 Nc6 3. d4 exd4 4. Nxd4 Bc5 5. Be3 d6 6. Nxc6 bxc6 7. Bxc5 dxc5 8. Qxd8+ Kxd8 9. Nc3 Nf6 10. 0-0-0+ Ke7 11. Bc4 Re8 12. Rhe1 Kf8 13. h3 h5 14. Re3 h4 15. Rde1 Nh7 16. Na4 Re5 17. f4 Rh5 18. Be2 Rh6 19. Nxc5 Be6 20. Ba6 Bc8 21. Bc4 g5 22. f5 Nf6 23. Nd3 g4 24. Ne5 Rh7 25. Nxc6 Bb7 26. Ne5 gxh3 27. gxh3 Re8 28. Ng4 Nxg4 29. hxg4 1/2-1/2

[Event "Winnipeg TNT February op"]
[Site "Winnipeg"]
[Date "2018.02.06"]
[Round "1.2"]
[White "Furda, Evheniya Diana"]
[Black "Boron, Anthony"]
[Result "0-1"]
[WhiteElo "1528"]
[BlackElo "2021"]
[PlyCount "84"]
[EventDate "2018.02.06"]
[EventType "swiss"]
[EventRounds "4"]
[EventCountry "CAN"]
[SourceTitle "EXT 2022"]
[Source "ChessBase"]
[SourceDate "2021.10.06"]
[SourceVersion "1"]
[SourceVersionDate "2021.10.06"]
[SourceQuality "1"]

1. e4 c5 2. Nf3 e6 3. d4 cxd4 4. Nxd4 Nf6 5. Nc3 Nc6 6. Be3 Bb4 7. Nxc6 bxc6 8. Bd3 d5 9. exd5 cxd5 10. Bb5+ Bd7 11. Bxd7+ Qxd7 12. Bd4 Qe7 13. 0-0 0-0 14. Ne2 e5 15. Bc3 Bd6 16. Ng3 g6 17. Qd2 d4 18. Ba5 Rab8 19. Qc1 Rfc8 20. Bd2 Qb7 21. Rb1 Qd5 22. a3 Ne4 23. Nxe4 Qxe4 24. c3 Qf5 25. Qe1 Bc5 26. cxd4 exd4 27. Qe2 h5 28. Rfd1 Bxa3 29. b4 a5 30. Qe1 Re8 31. Qf1 Bxb4 32. Bxb4 Rxb4 33. Rxb4 axb4 34. Rxd4 b3 35. Rb4 Qc2 36. h3 Qc3 37. Qc4 Qxc4 38. Rxc4 b2 39. Rb4 Re1+ 40. Kh2 b1Q 41. Rxb1 Rxb1 42. Kg3 Kg7 0-1

[Event "Winnipeg Rosenbloom Memorial"]
[Site "Winnipeg"]
[Date "2017.12.05"]
[Round "5"]
[White "Letain, Cory"]
[Black "Furda, Evheniya Diana"]
[Result "1-0"]
[WhiteElo "1686"]
[BlackElo "1597"]
[PlyCount "53"]
[EventDate "2017.11.07"]
[EventType "swiss"]
[EventRounds "7"]
[EventCountry "CAN"]
[SourceTitle "EXT 2022"]
[Source "ChessBase"]
[SourceDate "2021.10.06"]
[SourceVersion "1"]
[SourceVersionDate "2021.10.06"]
[SourceQuality "1"]

1. e4 e5 2. Nf3 Nc6 3. Bb5 a6 4. Ba4 Nf6 5. 0-0 Nxe4 6. Re1 Nc5 7. Bxc6 dxc6 8. Nxe5 Be7 9. Nc3 0-0 10. h3 Be6 11. d4 Nd7 12. Nf3 Nf6 13. Be3 h6 14. a3 Nd5 15. Nxd5 Bxd5 16. Qe2 Re8 17. c4 Be6 18. Rad1 Bd7 19. Ne5 Be6 20. b4 a5 21. Qd2 axb4 22. axb4 Ra4 23. c5 Ra2 24. Qc1 f6 25. Bxh6 Kh7 26. Nxc6 Bf7 27. Nxd8 1-0